000 00386nam a2200145Ia 4500
008 220217s9999||||xx |||||||||||||| ||und||
020 _a978-0-230-53767-5
082 _a511.6 GRO
100 _aGrossman, Peter
_95319
245 0 _aDiscrete mathematics for computing
250 _a2nd
260 _aPalgrave Macmillan
_bNew York
_c2007
300 _b719
650 _aMATHEMATICS
999 _c176230
_d176230